| 000 | 00000nam##2200000za#4500 |
| 001 | 9.644428 |
| 003 | CaOODSP |
| 005 | 20200330205015 |
| 007 | ta |
| 008 | 150407|1991||||xxc||||| f|0| 0 eng|d |
| 020 | |a0-660-13684-8 |
| 040 | |aCaOODSP|beng |
| 043 | |an-cn--- |
| 086 | 1 |aH46-2/91-151E |
| 110 | 1 |aCanada.|bHealth and Welfare Canada. |bEnvironmental Health Directorate. |
| 245 | 10|aSafety code 28: Radiation protection in veterinary medicine: recommended safety procedures for installation and use of veterinary X-ray equipment |
| 260 | |aOttawa - Ontario : |bHealth and Welfare Canada. |c1991. |
| 300 | |a38p. : |breferences, tables ; |c22 cm. |
| 520 | 3 |aSafety Code 28 is concerned with the protection of all individuals using X-ray equipment in veterinary radiology. |
| 563 | |aSoftcover |
| 590 | |a92-17|b1992-04-24 |
| 690 | 07|aVeterinary medicine|2gcpds |
| 690 | 07|aSafety measures|2gcpds |
| 775 | 08|tCode de sécurité 28: Radioprotection en médecine vétérinaire: mesures de sécurité recommandées relativement à l'installation et à l'utilisation d'appareils à rayons X en médecine vétérinaire |w(CaOODSP)9.678277 |
| 776 | 0#|tRadiation protection in veterinary medicine |w(CaOODSP)9.816752 |
| 986 | |aEHD-TR-151 |